The status of recreation services available for special populations in Virginia /

Bibliographic Details
Main Author: Donovan, Theresa E. (Theresa Ellen), 1958-
Format: Thesis Microform Book
Language:English
Published: [Place of publication not identified] : [publisher not identified] ; 1984.
Subjects:

MARC

Tag First Indicator Second Indicator Subfields
LEADER 00000cam a2200000 a 4500
001 in00000034010
005 20151007055149.0
007 he bmb|||||||
008 860514r19861984orua bb 00010 eng d
035 |a (OCoLC)13567171 
035 |9 AAB7448AM 
040 |a ORU  |c INT  |d INT  |d HPE  |d TXA  |d UtOrBLW 
043 |a n-us-va 
049 |a TXAI 
099 |a fiche  |a C  |a 9501 
100 1 |a Donovan, Theresa E.  |q (Theresa Ellen),  |d 1958- 
245 1 4 |a The status of recreation services available for special populations in Virginia /  |c by Theresa E. Donovan. 
264 1 |a [Place of publication not identified] :  |b [publisher not identified] ;  |c 1984. 
300 |a xi, 191 leaves :  |b illustrations 
336 |a text  |b txt  |2 rdacontent 
337 |a microform  |b h  |2 rdamedia 
338 |a microfiche  |b he  |2 rdacarrier 
502 |b M.S.  |c Virginia Polytechnic Institute and State University  |d 1984. 
500 |a Vita. 
504 |a Bibliography: leaves 149-151. 
533 |a Microfiche.  |b Eugene :  |c Microform Publications, College of Human Development and Performance, University of Oregon,  |d 1986.  |e 3 microfiches : negative ; 11 x 15 cm. 
500 |a Microform. 
650 0 |a Recreational therapy. 
650 0 |a Recreation  |z Virginia  |x Management. 
999 |a MARS 
999 f f |s 5075413b-225c-3275-ad2d-5ef46ff2b6ba  |i 26086ae7-d015-3114-820e-8e220520ace5  |t 0 
952 f f |p normal  |a Texas A&M University  |b College Station  |c Sterling C. Evans Library  |d Evans: Microforms (3rd floor)  |t 0  |e fiche C 9501  |h Other scheme  |i microform -- microfiche  |m A14823244832 
998 f f |a fiche C 9501  |t 0  |l Evans: Microforms (3rd floor)